Specific Aspects of Turbulent Flow Separation in Nods and Junctions of Pipelines; IOP Conference Series: Earth and Environmental Science; Vol. 21: XVIII International Scientific Symposium in Honour of Academician M. A. Usov: Problems of Geology and Subsurface Development 7–11 April 2014, Tomsk, Russia
| Parent link: | IOP Conference Series: Earth and Environmental Science Vol. 21: XVIII International Scientific Symposium in Honour of Academician M. A. Usov: Problems of Geology and Subsurface Development 7–11 April 2014, Tomsk, Russia.— 2014.— [012038, 5 p.] |
|---|---|
| Autor principal: | |
| Autor Corporativo: | |
| Outros Autores: | |
| Resumo: | Title screen Specific Aspects of Turbulent Flow Separation in Nods and Junctions of Pipelines The paper is devoted to numerical simulation of space effects appearing with flow separation in pipeline junctions. Gas and oil flows through T-bends are considered. Twoparametric turbulence models are analyzed, among them k-gamma is chosen. Results of numerical simulation are analyzed and explained, practical recommendations on appropriate t-bend geometry are given. Режим доступа: по договору с организацией-держателем ресурса |
| Idioma: | inglês |
| Publicado em: |
2014
|
| Colecção: | Modern Technologies of Oil and Gas Pipelines and Storage Tanks. Process Simulation of Oil and Gas Transportation |
| Assuntos: | |
| Acesso em linha: | http://iopscience.iop.org/1755-1315/21/1/012038 |
| Formato: | MixedMaterials Recurso Electrónico Capítulo de Livro |
| KOHA link: | https://koha.lib.tpu.ru/cgi-bin/koha/opac-detail.pl?biblionumber=638286 |
MARC
| LEADER | 00000nla2a2200000 4500 | ||
|---|---|---|---|
| 001 | 638286 | ||
| 005 | 20231216161255.0 | ||
| 035 | |a (RuTPU)RU\TPU\network\2587 | ||
| 035 | |a RU\TPU\network\2583 | ||
| 090 | |a 638286 | ||
| 100 | |a 20141224d2014 k y0engy50 ba | ||
| 101 | 0 | |a eng | |
| 102 | |a GB | ||
| 135 | |a drcn ---uucaa | ||
| 181 | 0 | |a i | |
| 182 | 0 | |a b | |
| 200 | 1 | |a Specific Aspects of Turbulent Flow Separation in Nods and Junctions of Pipelines |f S. N. Kharlamov (Harlamov), R. A. Alginov | |
| 203 | |a Text |c electronic | ||
| 225 | 1 | |a Modern Technologies of Oil and Gas Pipelines and Storage Tanks. Process Simulation of Oil and Gas Transportation | |
| 300 | |a Title screen | ||
| 320 | |a [References: 10 tit.] | ||
| 330 | |a Specific Aspects of Turbulent Flow Separation in Nods and Junctions of Pipelines The paper is devoted to numerical simulation of space effects appearing with flow separation in pipeline junctions. Gas and oil flows through T-bends are considered. Twoparametric turbulence models are analyzed, among them k-gamma is chosen. Results of numerical simulation are analyzed and explained, practical recommendations on appropriate t-bend geometry are given. | ||
| 333 | |a Режим доступа: по договору с организацией-держателем ресурса | ||
| 461 | 0 | |0 (RuTPU)RU\TPU\network\2499 |t IOP Conference Series: Earth and Environmental Science | |
| 463 | 0 | |0 (RuTPU)RU\TPU\network\2501 |t Vol. 21: XVIII International Scientific Symposium in Honour of Academician M. A. Usov: Problems of Geology and Subsurface Development 7–11 April 2014, Tomsk, Russia |v [012038, 5 p.] |d 2014 | |
| 610 | 1 | |a электронный ресурс | |
| 610 | 1 | |a труды учёных ТПУ | |
| 610 | 1 | |a разделение | |
| 610 | 1 | |a турбулентное течение | |
| 610 | 1 | |a переходы | |
| 610 | 1 | |a трубопроводы | |
| 610 | 1 | |a численное моделирование | |
| 610 | 1 | |a газовые потоки | |
| 610 | 1 | |a нефтяные потоки | |
| 700 | 1 | |a Kharlamov (Harlamov) |b S. N. |c specialist in the field oil transport and storage |c Professor of Tomsk Polytechnic University (TPU) |f 1957- |g Sergey Nikolaevich |3 (RuTPU)RU\TPU\pers\30573 |9 14867 | |
| 701 | 1 | |a Alginov |b R. A. | |
| 712 | 0 | 2 | |a Национальный исследовательский Томский политехнический университет (ТПУ) |b Институт природных ресурсов (ИПР) |b Кафедра транспорта и хранения нефти и газа (ТХНГ) |3 (RuTPU)RU\TPU\col\18661 |
| 801 | 2 | |a RU |b 63413507 |c 20141224 |g RCR | |
| 856 | 4 | |u http://iopscience.iop.org/1755-1315/21/1/012038 | |
| 942 | |c CF | ||